Who is That? - Statistics

General Stats
  • This quiz has been taken 17 times
  • The average score is 12 of 16
Answer Stats
Picture Answer % Correct
Joe Biden
100%
Lionel Messi
100%
Vladimir Putin
100%
Dwayne "The Rock" Johnson
87%
Elon Musk
87%
Eminem (Marshall Mathers)
87%
Mike Tyson
87%
marilyn monroe
80%
Princess Diana
80%
Jake Paul
73%
KSI (JJ)
73%
Snoop Dogg (Calvin Broadus)
67%
Jason Momoa
60%
Rishi Sunak
33%
Xi Jinping
27%
Narendra Modi
13%
No matching quizzes found
Score Distribution
Percent of People with Each Score
Percentile by Number Answered
Your Score History
You have not taken this quiz